Ultima stagione in Serie A per squadra - Quiz n°1 - Statistics

Statistiche generali
  • Questo quiz è stato fatto 13 volte
  • Il punteggio medio è 7 su 9
Statistiche sulle risposte
Hint Risposta % Corretto
Napoli 2023-2024
91%
Casale 1933-1934
82%
Lecco 1966-1965
82%
Bari 2010-2011
82%
Carpi 2015-2016
82%
Venezia 2021-2022
82%
Ancona 2003-2004
55%
Ascoli 2006-2007
55%
Como 2002-2003
45%
Nessun quiz corrispondente trovato
Distribuzione punteggi
Percentuale di utenti per punteggio
Percentile per numero di risposta
I tuoi punteggi nel tempo
Non hai fatto questo quiz